00546 2200205 4500001002100000005001700021008004100038035002400079082001000103090001700113100002600130245005000156260002800206300002900234650002800263850001500291980001300306985000600319999001500325YOGYA-0209000004780920090227031726.0 ind  0010-020900000047809 a770.2 a770.2bSul P aSULEIMAN, Amir Hamzah aPetunjuk untuk memotretcAmir Hamzah Sulaiman aJakartabGramediac1997 aix, 173 hlmbilusc20 cm aFotografi - Pencahayaan aYOPDYOG(M) a26-10-07 a1 aP000001934